000 00628nam a22002177a 4500
003 BD-DhJNU
005 20250302061442.0
008 250302b |||||||| |||| 00| 0 eng d
020 _a0415328241
020 _a9780415328241
040 _aBD-DhJNU
_bENG
_cBD-DhJNU
_dBD-DhJNU
082 _223
_a325.3 HUH
100 _aHuddart, David
245 _aHomi K. Bhabha /
_cDavid Huddart.
260 _aLondon :
_bRoutledge,
_c2007.
300 _axiii, 202p. :
_bill. ;
_c20 cm.
490 _aRoutledge Critical Thinkers
504 _aIncludes bibliographical references and index
650 _aColonization
942 _2ddc
_cBK
_n0
999 _c1429
_d1428